Most Popular Songs in USA 8/2/2025 - Statistics

General Stats
  • This quiz has been taken 5 times
  • The average score is 8 of 15
Answer Stats
Rank Artist (Version) Answer Streams Radio Airplay Sales % Correct
14. Benson Boone Beautiful Things 13 Million 31.9 Million 2 Thousand
75%
10. Lady GaGa, Bruno Mars Die With A Smile 11 Million 50.2 Million 1.5 Thousand
75%
13. Sabrina Carpenter Manchild 11.4 Million 37.1 Million 1.5 Thousand
75%
1. Alex Warren Ordinary 20.7 Million 73.9 Million 5.5 Thousand
75%
15. Chappell Roan Pink Pony Club 10.6 Million 37.1 Million 3.5 Thousand
75%
8. Shaboozey A Bar Song (Tipsy) 14 Million 39.5 Million 2.5 Thousand
50%
3. Justin Bieber DAISIES 21 Million 11.1 Million 3.5 Thousand
50%
2. HUNTR/X Golden 25.7 Million 3.7 Million 4 Thousand
50%
5. Morgan Wallen Just In Case 16.2 Million 33.2 Million 1.5 Thousand
50%
7. Teddy Swims Lose Control 16.2 Million 34 Million 2.5 Thousand
50%
6. Ravyn Lenae Love Me Not 13.4 Million 39.6 Million 0.8 Thousand
50%
9. Kendrick Lamar, SZA Luther 11.3 Million 50.1 Million 0.8 Thousand
50%
11. Morgan Wallen I'm The Problem 16.3 Million 21.1 Million 1.5 Thousand
25%
4. Morgan Wallen, Tate McRae What I Want 20.6 Million 22.1 Million 2 Thousand
25%
12. Saja Boys Your Idol 18.9 Million 0.2 Million 2 Thousand
25%
No matching quizzes found
Score Distribution
Percent of People with Each Score
Percentile by Number Answered
Your Score History
You have not taken this quiz